000 01005nam a2200289 a 4500
001 000110620
003 CHAP
005 20220329144141.0
008 140918s1969 sp a |r| ||||||spa d
010 _a107082
011 _a108054
040 _cCHAP
082 0 4 _a574.072
_bB94
100 1 _aBurck, Hans Christian
_9128444
245 1 0 _aTécnica histológica :
_bmanual para realizar praparaciones microscopicas en el laboratorio /
_cpor Hans Christian Burck.
260 _aMadrid :
_bPaz Montalvo,
_c1969.
300 _aviii, 188 p. :
_bil.
534 _pTít. original :
_tHistologische Technik: : leitfaden für die herstellung mikroskopischer präparate unterrcht
_cStattgart : Verlag, 1966
590 _aE11695DGD
_b10
_c20140922
_lUCH01
_h1157
590 _aE5995AHE
_b05
_c20140918
_lUCH01
_h1330
650 1 4 _aBiología
_xManuales de laboratorio.
_912792
650 1 4 _aHistoquímica.
_955598
650 1 4 _aMicroscopio y microscopía.
_975536
901 _aBK
942 _cLIBRO
942 _n0
999 _c107082
_d107082